000 01093nam0a2200313 4500
001 RU\NLR\BIBL_A\012628236
005 20211203143105.0
010 _a978-5-0053-7000-6
021 _aRU
_bКН-П-21-035681
_9КН-П-21-2782
035 _a(NLR Aleph) 012628236
090 _a12659083
_c12659083
100 _a20211021d2021 u y0rusy50 ca
101 1 _arus
_cund
102 _aRU
105 _ay z 000ay
181 0 _ai
_baxxe
182 0 _an
200 1 _aШепоты и тени
_eроман
_fАнджей юлиуш Сарва
_gперевод: Милана Ковалькова
203 _aТекст
_bвизуальный
_cнепосредственный
210 _a[Б. м.]
_cИздательские решения
_d2021
215 _a281, [3] с.
_d21
333 _a18+
686 1 _aШ6(4П)77-440.4{Лх1129-50}
700 1 _7ca
_8rus
_aСарва
_bА. Ю.
_f1953-
_gАнджей Юлиуш
_9192446
_3RU\NLR\AUTH\770192497
942 _cBOOK
980 _aNB